Statistics for Tallest Mountains in the world

Click here to take the quiz!

General Stats

  • This quiz has been taken 313 times
  • The average score is 5 of 15

Answer Stats

Height of MountainContinentAnswer% Correct
8848mAsiaMt. Everest / Sagarmatha
99%
8611mAsiaK2
95%
8516mAsiaLhotse
45%
8586mAsiaKangchenjunga
34%
8485mAsiaMakalu
26%
8188mAsiaCho oyu
25%
8163mAsiaManaslu
25%
8126mAsiaNanga parbat
22%
8080mAsiaHidden Peak / K5 / Gasherbrum I
20%
8091mAsiaAnnapurna I
19%
8035mAsiaGasherbrum II / K4
19%
8167mAsiaDhaulagiri
17%
8051mAsiaBroad Peak
15%
8027mAsiaShishapangma / Gosainthān
11%
7952mAsiaGyachung Kang
2%

Score Distribution

Percentile by Number Answered

Percent of People with Each Score

Your Score History

You have not taken this quiz